Sports Quiz

Random Sports or MLB Quiz

MLB Perfect Game Pitchers Quiz Stats

 Plays Quiz Updated Oct 3, 2015

Score 0/23 Timer 06:00
0 Plays Today
% Correct
Felix Hernandez
93.2%
Randy Johnson
91.8%
Roy Halladay
82.2%
Matt Cain
80.3%
David Wells
75.5%
Sandy Koufax
74.7%
David Cone
71.5%
Mark Buehrle
68.5%
Kenny Rogers
61.8%
Dennis Martinez
58.1%
Dallas Braden
54.6%
Don Larsen
52.3%
% Correct
Catfish Hunter
49.9%
Cy Young
48.1%
Philip Humber
36.3%
Tom Browning
34.8%
Jim Bunning
31%
Mike Witt
28%
Len Barker
23.6%
Addie Joss
13.8%
Monte Ward
7.6%
Charlie Robertson
7.1%
Lee Richmond
5.6%

You're not logged in!

Compare scores with friends on all Sporcle quizzes.
OR
Log In

You Might Also Like...

Show Comments

Extras

Top Quizzes Today


Score Distribution

Your Account Isn't Verified!

In order to create a playlist on Sporcle, you need to verify the email address you used during registration. Go to your Sporcle Settings to finish the process.

Report this User

Report this user for behavior that violates our Community Guidelines.

Details: